<?xml version="1.0" encoding="UTF-8"?>
<record
    xmlns:xsi="http://www.w3.org/2001/XMLSchema-instance"
    xsi:schemaLocation="http://www.loc.gov/MARC21/slim http://www.loc.gov/standards/marcxml/schema/MARC21slim.xsd"
    xmlns="http://www.loc.gov/MARC21/slim">

  <leader>01624nam a22001817a 4500</leader>
  <controlfield tag="008">180731b        xxu||||| |||| 00| 0 eng d</controlfield>
  <datafield tag="020" ind1=" " ind2=" ">
    <subfield code="a">9781844806782</subfield>
  </datafield>
  <datafield tag="050" ind1=" " ind2=" ">
    <subfield code="a">HF5667.G78</subfield>
  </datafield>
  <datafield tag="100" ind1=" " ind2=" ">
    <subfield code="a">Gray, Iain.</subfield>
  </datafield>
  <datafield tag="245" ind1=" " ind2=" ">
    <subfield code="a">The audit process: principles, practice and cases. /</subfield>
    <subfield code="c">Iain Gray and Stuart Manson.</subfield>
  </datafield>
  <datafield tag="250" ind1=" " ind2=" ">
    <subfield code="a">4th ed.</subfield>
  </datafield>
  <datafield tag="260" ind1=" " ind2=" ">
    <subfield code="a">Hampshire, UK :</subfield>
    <subfield code="b">South-Western Cengage Learning, </subfield>
    <subfield code="c">2008.</subfield>
  </datafield>
  <datafield tag="300" ind1=" " ind2=" ">
    <subfield code="a">xxi, 808p. :</subfield>
    <subfield code="b">ill. ;</subfield>
    <subfield code="c">25 cm.</subfield>
  </datafield>
  <datafield tag="500" ind1=" " ind2=" ">
    <subfield code="a">Includes index.</subfield>
  </datafield>
  <datafield tag="505" ind1=" " ind2=" ">
    <subfield code="a">Contents: Why are auditors needed? -- An overview of the postulates and concepts of auditing -- The meaning and importance of auditor independence: factors affecting independence and measures to attain it -- Audit regulation -- The risk-based approach to audit: audit judgement -- The search for evidence explained -- Systems work: basic ideas 1 -- Systems work: basic ideas 2 -- Testing and evaluation systems -- Substantive testing, computer-assisted audit techniques and audit programmes -- Sampling and materiality -- Final work: general principles, analytical review of financial statements,fixed assets and debtors -- Final work: specific problems related to stocks, long-term contracts and trade creditors -- Final review: post-balance sheets period, provisions, contingencies, letters of representation -- Assurance engagements and internal audit -- The auditor's report -- Fraud and going concern -- The audit expectations gap and corporate governance -- The auditor and liability under the law -- Criticisms and developments in auditing -- Examination hints and final remarks.</subfield>
  </datafield>
  <datafield tag="700" ind1=" " ind2=" ">
    <subfield code="a">Manson, Stuart.</subfield>
  </datafield>
  <datafield tag="942" ind1=" " ind2=" ">
    <subfield code="2">lcc</subfield>
    <subfield code="c">BK</subfield>
  </datafield>
  <datafield tag="999" ind1=" " ind2=" ">
    <subfield code="c">6612</subfield>
    <subfield code="d">14112</subfield>
  </datafield>
  <datafield tag="952" ind1=" " ind2=" ">
    <subfield code="0">0</subfield>
    <subfield code="1">0</subfield>
    <subfield code="2">lcc</subfield>
    <subfield code="4">0</subfield>
    <subfield code="7">0</subfield>
    <subfield code="a">WIUC-1</subfield>
    <subfield code="b">WIUC-1</subfield>
    <subfield code="c">REF</subfield>
    <subfield code="d">2018-07-31</subfield>
    <subfield code="l">0</subfield>
    <subfield code="o">HF5667.G78</subfield>
    <subfield code="p">8260/078/18</subfield>
    <subfield code="r">2018-07-31 00:00:00</subfield>
    <subfield code="t">1</subfield>
    <subfield code="w">2018-07-31</subfield>
    <subfield code="y">BK</subfield>
  </datafield>
  <datafield tag="952" ind1=" " ind2=" ">
    <subfield code="0">0</subfield>
    <subfield code="1">0</subfield>
    <subfield code="2">lcc</subfield>
    <subfield code="4">0</subfield>
    <subfield code="7">0</subfield>
    <subfield code="a">WIUC-1</subfield>
    <subfield code="b">WIUC-1</subfield>
    <subfield code="c">REF</subfield>
    <subfield code="d">2018-07-31</subfield>
    <subfield code="l">0</subfield>
    <subfield code="o">HF5667.G781</subfield>
    <subfield code="p">8261/079/18</subfield>
    <subfield code="r">2018-07-31 00:00:00</subfield>
    <subfield code="t">2</subfield>
    <subfield code="w">2018-07-31</subfield>
    <subfield code="y">BK</subfield>
  </datafield>
  <datafield tag="952" ind1=" " ind2=" ">
    <subfield code="0">0</subfield>
    <subfield code="1">0</subfield>
    <subfield code="2">lcc</subfield>
    <subfield code="4">0</subfield>
    <subfield code="7">0</subfield>
    <subfield code="a">WIUC-KL</subfield>
    <subfield code="b">WIUC-KL</subfield>
    <subfield code="c">GEN</subfield>
    <subfield code="d">2019-10-22</subfield>
    <subfield code="o">HF5667.G78(4e)</subfield>
    <subfield code="p">K/250/250/19</subfield>
    <subfield code="r">2022-01-14 00:00:00</subfield>
    <subfield code="t">1</subfield>
    <subfield code="w">2018-07-31</subfield>
    <subfield code="y">BK</subfield>
  </datafield>
  <datafield tag="952" ind1=" " ind2=" ">
    <subfield code="0">0</subfield>
    <subfield code="1">0</subfield>
    <subfield code="2">lcc</subfield>
    <subfield code="4">0</subfield>
    <subfield code="7">0</subfield>
    <subfield code="a">WIUC-KL</subfield>
    <subfield code="b">WIUC-KL</subfield>
    <subfield code="c">GEN</subfield>
    <subfield code="d">2019-10-22</subfield>
    <subfield code="l">3</subfield>
    <subfield code="o">HF5667.G781(4e)</subfield>
    <subfield code="p">K/251/251/19</subfield>
    <subfield code="r">2024-10-24 00:00:00</subfield>
    <subfield code="s">2024-10-24</subfield>
    <subfield code="t">2</subfield>
    <subfield code="w">2018-07-31</subfield>
    <subfield code="y">BK</subfield>
  </datafield>
</record>
